=LDR 00000nam 2200000 4500 =001 INLIS000000000026049 =005 20200720013745 =035 ##$$a 0010-061300000026049 =008 200720################g##########0#ind## =041 ##$$a Ind =082 ##$$a 2x6 =090 ##$$a 2X6, Jau s =100 ##$$a Jauzi, Ibn'l =245 1#$$a Seluk beluk hukum wanita /$c Ibn'l Jauzi =260 ##$$a Jakarta :$b Pustaka Mantia,$c [s.a] =300 ##$$a 212 hlm. ; $c 18 x 13 cm. =650 #4$$a Hukum wanita =850 ##$$a NBPNMAT =084 ##$$a 2x6 JAU s =250 ##$$a cet.1 =990 ##$$a 00052613